[Event "GER T218-C42-S email"]
[Site "GER email"]
[Date "2015.05.08"]
[Round "?"]
[White "Hoexter, Heinrich"]
[Black "Siebel, David Kaspar"]
[Result "1/2-1/2"]
[WhiteElo "2061"]
[BlackElo "1961"]
[PlyCount "41"]
[EventDate "2015.05.22"]
[EventType "tourn (corr)"]
[EventRounds "8"]
[EventCountry "GER"]
[SourceTitle "Corr 2020"]
[Source "ChessBase"]
[SourceDate "2019.09.30"]
[SourceVersion "1"]
[SourceVersionDate "2019.09.30"]
[SourceQuality "1"]

1. e4 e5 2. Nf3 Nf6 3. Nxe5 d6 4. Nf3 Nxe4 5. Nc3 Nxc3 6. dxc3 Be7 7. Bf4 Nd7 8. Qd2 Nc5 9. 0-0-0 0-0 10. Nd4 d5 11. f3 Re8 12. h4 Ne6 13. Nf5 Nxf4 14. Nxe7+ Qxe7 15. Qxf4 Be6 16. g4 Rad8 17. g5 Qd6 18. Qxd6 Rxd6 19. Bd3 h5 20. Rhe1 Kf8 21. Rd2 1/2-1/2

[Event "GER T218-C42-S email"]
[Site "GER email"]
[Date "2015.05.08"]
[Round "?"]
[White "Siebel, David Kaspar"]
[Black "Fritsche, Frank"]
[Result "1/2-1/2"]
[WhiteElo "1961"]
[BlackElo "2172"]
[PlyCount "35"]
[EventDate "2015.05.22"]
[EventType "tourn (corr)"]
[EventRounds "8"]
[EventCountry "GER"]
[SourceTitle "Corr 2020"]
[Source "ChessBase"]
[SourceDate "2019.09.30"]
[SourceVersion "1"]
[SourceVersionDate "2019.09.30"]
[SourceQuality "1"]

1. e4 e5 2. Nf3 Nf6 3. Nxe5 d6 4. Nf3 Nxe4 5. Nc3 Nxc3 6. dxc3 Be7 7. Be3 0-0 8. Qd2 Nd7 9. 0-0-0 c6 10. h4 Nf6 11. Bd3 Re8 12. Rde1 Bd7 13. Bf4 Bf8 14. Rxe8 Qxe8 15. c4 h6 16. Ng5 Qe7 17. f3 d5 18. cxd5 1/2-1/2

[Event "GER HS-166 email"]
[Site "GER email"]
[Date "2014.06.28"]
[Round "?"]
[White "Siebel, David Kaspar"]
[Black "Goy, Udo"]
[Result "1-0"]
[WhiteElo "1952"]
[BlackElo "1892"]
[PlyCount "63"]
[EventDate "2014.07.07"]
[EventType "tourn (corr)"]
[EventRounds "6"]
[EventCountry "GER"]
[SourceTitle "Corr 2020"]
[Source "ChessBase"]
[SourceDate "2019.09.30"]
[SourceVersion "1"]
[SourceVersionDate "2019.09.30"]
[SourceQuality "1"]

1. e4 d6 2. d4 Nf6 3. Nc3 Nbd7 4. f4 e5 5. Nf3 exd4 6. Qxd4 c6 7. Be3 d5 8. exd5 Bc5 9. Qd3 Qe7 10. Nd4 Nb6 11. dxc6 0-0 12. 0-0-0 bxc6 13. Bg1 Qb7 14. Nb3 Bxg1 15. Rxg1 Bg4 16. Be2 Bxe2 17. Qxe2 a5 18. Nc5 Qa7 19. N5e4 Nfd5 20. g3 Rfe8 21. Qf2 Qb8 22. Qc5 a4 23. Rge1 a3 24. b3 Re6 25. Nxd5 Nxd5 26. Nf2 Qe8 27. Nd3 Ne3 28. Rd2 Ng4 29. Rxe6 Qxe6 30. Rd1 h6 31. Re1 Qd7 32. h4 1-0

[Event "GER HS-166 email"]
[Site "GER email"]
[Date "2014.06.28"]
[Round "?"]
[White "Tassone, Raffaele"]
[Black "Siebel, David Kaspar"]
[Result "1/2-1/2"]
[WhiteElo "1957"]
[BlackElo "1952"]
[PlyCount "30"]
[EventDate "2014.07.07"]
[EventType "tourn (corr)"]
[EventRounds "6"]
[EventCountry "GER"]
[SourceTitle "Corr 2020"]
[Source "ChessBase"]
[SourceDate "2019.09.30"]
[SourceVersion "1"]
[SourceVersionDate "2019.09.30"]
[SourceQuality "1"]

1. d4 d5 2. c4 e6 3. Nf3 Nf6 4. Nc3 Be7 5. Bf4 0-0 6. e3 c5 7. dxc5 Bxc5 8. a3 Nc6 9. Qc2 Qa5 10. Rd1 Be7 11. Be2 Ne4 12. cxd5 Nxc3 13. bxc3 exd5 14. 0-0 Rd8 15. a4 Qc5 1/2-1/2

[Event "GER OS-241 email"]
[Site "GER email"]
[Date "2014.05.08"]
[Round "?"]
[White "Niederdorf, Walter"]
[Black "Siebel, David Kaspar"]
[Result "0-1"]
[WhiteElo "1697"]
[BlackElo "1941"]
[PlyCount "98"]
[EventDate "2014.05.19"]
[EventType "tourn (corr)"]
[EventRounds "6"]
[EventCountry "GER"]
[SourceTitle "Corr 2020"]
[Source "ChessBase"]
[SourceDate "2019.09.30"]
[SourceVersion "1"]
[SourceVersionDate "2019.09.30"]
[SourceQuality "1"]

1. Nf3 Nf6 2. c4 e6 3. Nc3 d5 4. d4 Be7 5. g3 0-0 6. Bg2 dxc4 7. Qa4 a6 8. Qxc4 b5 9. Qb3 Bb7 10. 0-0 c5 11. dxc5 Nbd7 12. c6 Bxc6 13. Be3 Rc8 14. a3 Ng4 15. Rad1 Nxe3 16. fxe3 Qc7 17. Nd4 Bxg2 18. Kxg2 Ne5 19. Kg1 Nc4 20. Rd3 Bc5 21. Rfd1 Ne5 22. R3d2 Qb7 23. Na4 Ba7 24. Nc3 Ng4 25. Rd3 Rc5 26. Nxe6 Nxe3 27. Rxe3 Re5 28. Nd4 Rxe3 29. Kf2 Rfe8 30. Qc2 Bxd4 31. Rxd4 Qh1 32. Rh4 h6 33. Qd2 R3e6 34. Qd7 Rf6+ 35. Rf4 Qxh2+ 36. Kf3 Qh1+ 37. Kf2 Rxf4+ 38. gxf4 Qh4+ 39. Kf3 Re6 40. Qc8+ Kh7 41. Qc5 Qh1+ 42. Kf2 Qh2+ 43. Kf3 h5 44. Qf5+ Kg8 45. Qg5 Qh3+ 46. Kf2 Qe3+ 47. Kf1 Rg6 48. Nd1 Qd2 49. Nc3 Rxg5 0-1

[Event "GER OS-235 email"]
[Site "GER email"]
[Date "2014.03.03"]
[Round "?"]
[White "Siebel, David Kaspar"]
[Black "Mark, Thomas"]
[Result "1-0"]
[WhiteElo "1925"]
[BlackElo "1152"]
[PlyCount "23"]
[EventDate "2014.03.10"]
[EventType "tourn (corr)"]
[EventRounds "6"]
[EventCountry "GER"]
[SourceTitle "Corr 2020"]
[Source "ChessBase"]
[SourceDate "2019.09.30"]
[SourceVersion "1"]
[SourceVersionDate "2019.09.30"]
[SourceQuality "1"]

1. e4 e6 2. d4 d5 3. Nc3 c5 4. exd5 exd5 5. dxc5 Bxc5 6. Qxd5 Qxd5 7. Nxd5 Kd7 8. Bf4 Bd6 9. Bxd6 Kxd6 10. 0-0-0 Kc6 11. Nf3 Na6 12. Ne5+ 1-0

[Event "GER-Cup20 E/V05 email"]
[Site "GER email"]
[Date "2013.12.04"]
[Round "?"]
[White "Siebel, David Kaspar"]
[Black "Halfmeier, Hartmut"]
[Result "1/2-1/2"]
[WhiteElo "1925"]
[BlackElo "1663"]
[PlyCount "43"]
[EventDate "2013.12.13"]
[EventType "tourn (corr)"]
[EventRounds "4"]
[EventCountry "GER"]
[SourceTitle "Corr 2015"]
[Source "ChessBase"]
[SourceDate "2015.07.17"]
[SourceVersion "1"]
[SourceVersionDate "2015.07.17"]
[SourceQuality "1"]

1. e4 c5 2. Nf3 Nc6 3. d4 cxd4 4. Nxd4 Nf6 5. Nc3 e5 6. Ndb5 d6 7. Bg5 a6 8. Na3 b5 9. Bxf6 gxf6 10. Nd5 f5 11. Bd3 Be6 12. 0-0 Bxd5 13. exd5 Ne7 14. c3 Bg7 15. Nc2 0-0 16. a4 e4 17. Be2 bxa4 18. Rxa4 Qb6 19. Rb4 Qc5 20. Ne3 Rfb8 21. Rc4 Qb6 22. Rb4 1/2-1/2

[Event "GER OS-229 email"]
[Site "GER email"]
[Date "2013.11.11"]
[Round "?"]
[White "Siebel, David Kaspar"]
[Black "Horst, Lothar"]
[Result "1-0"]
[WhiteElo "1845"]
[BlackElo "1821"]
[PlyCount "37"]
[EventDate "2013.11.18"]
[EventType "tourn (corr)"]
[EventRounds "6"]
[EventCountry "GER"]
[SourceTitle "Corr 2015"]
[Source "ChessBase"]
[SourceDate "2015.07.17"]
[SourceVersion "1"]
[SourceVersionDate "2015.07.17"]
[SourceQuality "1"]

1. e4 Nf6 2. e5 Nd5 3. d4 d6 4. Nf3 dxe5 5. Nxe5 Nd7 6. Nxf7 Kxf7 7. Qh5+ Ke6 8. c4 N5f6 9. d5+ Kd6 10. Qf7 Nb8 11. c5+ Kd7 12. Bb5+ c6 13. dxc6+ bxc6 14. 0-0 Qa5 15. Rd1+ Kc7 16. a4 Qb4 17. Bd2 Qxc5 18. Na3 Bd7 19. Ba5+ 1-0

[Event "GER OS-223 email"]
[Site "GER email"]
[Date "2013.08.19"]
[Round "?"]
[White "Turowski, Peter Hinrich"]
[Black "Siebel, David Kaspar"]
[Result "1/2-1/2"]
[WhiteElo "1848"]
[BlackElo "1845"]
[PlyCount "46"]
[EventDate "2013.08.30"]
[EventType "tourn (corr)"]
[EventRounds "6"]
[EventCountry "GER"]
[SourceTitle "Corr 2015"]
[Source "ChessBase"]
[SourceDate "2015.07.17"]
[SourceVersion "1"]
[SourceVersionDate "2015.07.17"]
[SourceQuality "1"]

1. e4 e6 2. d4 d5 3. Nc3 Bb4 4. e5 c5 5. a3 Bxc3+ 6. bxc3 Ne7 7. Qg4 0-0 8. Nf3 Nbc6 9. Bd3 f5 10. Qg3 Qb6 11. dxc5 Qxc5 12. 0-0 Qxc3 13. Bh6 Rf7 14. Bd2 Qc5 15. Rfb1 a6 16. h4 b5 17. c3 Bd7 18. a4 bxa4 19. Rxa4 Na5 20. Rab4 Nec6 21. Ra4 Rb8 22. Rab4 Rbf8 23. Ra4 Rb8 1/2-1/2

[Event "St Leon Rot op"]
[Site "St Leon Rot"]
[Date "2011.12.29"]
[Round "5"]
[White "Siebel, David Kaspar"]
[Black "Widmann, Julian"]
[Result "1-0"]
[WhiteElo "1387"]
[BlackElo "785"]
[PlyCount "99"]
[EventDate "2011.12.27"]
[EventType "swiss"]
[EventRounds "7"]
[EventCountry "GER"]
[SourceTitle "CBM 146 Extra"]
[Source "ChessBase"]
[SourceDate "2012.02.29"]
[SourceVersion "1"]
[SourceVersionDate "2012.02.29"]
[SourceQuality "1"]

1. c4 e5 2. g3 Nf6 3. Bg2 Bc5 4. Nc3 0-0 5. e3 d6 6. Nge2 Bg4 7. 0-0 Nc6 8. a3 Re8 9. b4 Bb6 10. h3 Be6 11. Nd5 e4 12. Nxb6 cxb6 13. d3 exd3 14. Qxd3 Ne5 15. Qd4 Nxc4 16. Nf4 Rc8 17. Bxb7 Rc7 18. Nxe6 Rxe6 19. Bg2 a5 20. Bb2 Nxb2 21. Qxb2 Ne4 22. Rac1 Rxc1 23. Rxc1 Ng5 24. Qc2 Re8 25. Qc6 Rf8 26. Rd1 axb4 27. Rxd6 Qb8 28. axb4 Rc8 29. Qxb6 Qxb6 30. Rxb6 Rc1+ 31. Kh2 g6 32. Rb8+ Kg7 33. b5 h5 34. b6 Rb1 35. b7 Ne6 36. Rc8 Rxb7 37. Bxb7 g5 38. Bd5 Nf8 39. Rc7 Kg6 40. Rxf7 Nh7 41. Rxh7 Kxh7 42. e4 Kg7 43. e5 h4 44. gxh4 gxh4 45. Kg2 Kg6 46. e6 Kf6 47. Kf3 Ke5 48. e7 Kxd5 49. e8Q Kd6 50. Qh5 1-0

[Event "St Leon Rot op"]
[Site "St Leon Rot"]
[Date "2011.12.28"]
[Round "4"]
[White "Wall, Viktor"]
[Black "Siebel, David Kaspar"]
[Result "1-0"]
[WhiteElo "1728"]
[BlackElo "1387"]
[PlyCount "55"]
[EventDate "2011.12.27"]
[EventType "swiss"]
[EventRounds "7"]
[EventCountry "GER"]
[SourceTitle "CBM 146 Extra"]
[Source "ChessBase"]
[SourceDate "2012.02.29"]
[SourceVersion "1"]
[SourceVersionDate "2012.02.29"]
[SourceQuality "1"]

1. e4 c5 2. Nf3 g6 3. c3 d5 4. e5 Bg7 5. d4 cxd4 6. cxd4 Bg4 7. Nc3 Nc6 8. Bb5 a6 9. Bxc6+ bxc6 10. h3 Bxf3 11. Qxf3 Qb6 12. Qd3 e6 13. 0-0 Ne7 14. b3 0-0 15. Na4 Qa7 16. Ba3 Rfe8 17. Rac1 Rac8 18. Rc2 Bf8 19. g4 Kg7 20. Rfc1 Qa8 21. Nb6 Qb7 22. Nxc8 Rxc8 23. f4 h6 24. f5 gxf5 25. Bxe7 Bxe7 26. gxf5 Kf8 27. fxe6 fxe6 28. Qg6 1-0